000 00719nam a22002171 4500
001 bimo0001463127
003 OSt
005 20150225155336.0
008 990501s1968 sp spa
040 _cBMC
082 _a891.744809
100 1 _aSsachno, Helene von
_932102
245 1 0 _aLiteratura sovietica posterior a Stalin
_cHelen Von Ssachno ; [traducción, Luis Alberto Martín Baró]
260 _aMadrid
_bGuadarrama
_c1968
300 _a424 p., 1 h.
_c18 cm
490 0 _aColección "Punto Omega"
_v41
595 _aTraducción de: Der aufstand der person
650 2 4 _aLiteratura rusa
_yS.XX
_xHistoria y crítica
_932101
700 1 _aMartín Baro, Luis Alberto
_932103
942 _2ddc
_cBK
_hahoj
999 _c18969
_d18969